Statistiques concernant Personnages de jeux-vidéo en images - E

Cliquez ici pour prendre le quiz!

Statistiques générales

  • Ce quiz a été pris 143 fois
  • Le résultat moyen est 5 sur 16

Statistiques - réponses

Réponse% Correct
Enderman
87%
Docteur Eggman
82%
Ezio Auditore da Firenze
76%
Epona
68%
Professeur Euphorbe
35%
Ecaflip
33%
Emily
21%
Eula
13%
Ellis
12%
Emmy Altava
12%
Exelo
8%
Maître Eon
7%
Eddie Riggs
6%
Etoile d'or
6%
Elisabec
4%
Ephraim
3%

Distribution des résultats

Percentile par nombre de réponses

% des personnes avec chaque résultat

Votre développement - résultats

Vous n’avez pas pris ce quiz